[Event "CalChess-ch"]
[Site "Monterey Park"]
[Date "2002.04.07"]
[Round "4"]
[White "Chien, Edward"]
[Black "Connick, Robert"]
[Result "0-1"]
[WhiteElo "1351"]
[BlackElo "1188"]
[PlyCount "74"]
[EventDate "2002.??.??"]
[EventType "swiss"]
[EventRounds "6"]
[EventCountry "USA"]
[SourceTitle "EXT 2007"]
[Source "ChessBase"]
[SourceDate "2006.11.23"]
[SourceVersion "1"]
[SourceVersionDate "2006.11.23"]
[SourceQuality "1"]

1. e4 e5 2. d4 exd4 3. c3 dxc3 4. Bc4 cxb2 5. Bxb2 d5 6. Bxd5 Nf6 7. Nc3 Bb4 8. Bxf7+ Kxf7 9. Qb3+ Be6 10. Qxb4 Nbd7 11. Nf3 Re8 12. 0-0 Kg8 13. Rad1 Qe7 14. Qa5 b6 15. Qg5 Rad8 16. h3 Bf7 17. Rfe1 Nc5 18. e5 Rxd1 19. Rxd1 Nce4 20. Nxe4 Nxe4 21. Qg4 Nc5 22. Nd4 Qxe5 23. f4 Qh5 24. Qxh5 Bxh5 25. Rc1 Nd3 26. Rc2 Nxb2 27. Rxb2 Re1+ 28. Kf2 Ra1 29. Nb5 Bf7 30. Nxc7 Rxa2 31. Rxa2 Bxa2 32. Na6 Kf7 33. Ke3 Bc4 34. Nb4 a5 35. Nc6 Bd5 36. Ne5+ Ke6 37. Nd3 Bxg2 0-1

[Event "Fremont Weibel Quads 2"]
[Site "Fremont"]
[Date "2001.12.08"]
[Round "1"]
[White "Chien, Edward"]
[Black "Connick, Robert"]
[Result "1-0"]
[WhiteElo "1278"]
[BlackElo "1268"]
[PlyCount "59"]
[EventDate "2001.12.08"]
[EventType "swiss"]
[EventRounds "3"]
[EventCountry "USA"]
[SourceTitle "EXT 2009"]
[Source "ChessBase"]
[SourceDate "2008.11.26"]
[SourceVersion "1"]
[SourceVersionDate "2008.11.26"]
[SourceQuality "1"]

1. e4 e5 2. d4 exd4 3. c3 dxc3 4. Bc4 cxb2 5. Bxb2 d5 6. Bxd5 Nf6 7. Nc3 Bd6 8. Nf3 Ng4 9. 0-0 Ne5 10. Nxe5 Bxe5 11. Bxf7+ Kxf7 12. Qh5+ g6 13. Qxe5 Re8 14. Qb5 b6 15. f4 Ba6 16. Qb3+ Kf8 17. Rf3 Nc6 18. f5 Nd4 19. fxg6+ Nxf3+ 20. gxf3 Qg5+ 21. Kf2 Qc5+ 22. Kg2 Bc4 23. g7+ Kg8 24. Qc2 Qg5+ 25. Kf2 Rad8 26. Ne2 Qc5+ 27. Ke1 Bxe2 28. Qxe2 Qg1+ 29. Qf1 Qxh2 30. Qc4+ 1-0